[Event "Merano Gold Cup 29th"]
[Site "Merano"]
[Date "2001.??.??"]
[Round "4"]
[White "Kaimer, Thomas"]
[Black "Byhan, Gert"]
[Result "1-0"]
[WhiteElo "2268"]
[BlackElo "2033"]
[PlyCount "91"]
[EventDate "2001.05.??"]
[EventType "swiss"]
[EventRounds "9"]
[EventCountry "ITA"]
[SourceTitle "EXT 2005"]
[Source "ChessBase"]
[SourceDate "2004.11.15"]
[SourceVersion "1"]
[SourceVersionDate "2004.11.15"]
[SourceQuality "1"]

1. e4 c5 2. Nf3 Nc6 3. Nc3 e5 4. Bc4 Be7 5. 0-0 d6 6. d3 h6 7. Nd5 Nf6 8. c3 0-0 9. h3 Nxd5 10. Bxd5 Be6 11. Be3 Bf6 12. Bxe6 fxe6 13. Qb3 Qe7 14. Rfd1 Rfd8 15. d4 exd4 16. cxd4 Nxd4 17. Nxd4 Bxd4 18. Bxd4 cxd4 19. Rxd4 Rd7 20. Rad1 Rad8 21. f4 Kh8 22. f5 exf5 23. exf5 Re8 24. Qg3 Qf6 25. Qd3 Re5 26. Rf1 d5 27. Rg4 Qb6+ 28. Kh2 Rf7 29. Qc3 Qc7 30. Qxc7 Rxc7 31. Rf2 Rc4 32. Rg6 Kh7 33. Rd6 Rc7 34. g4 Rce7 35. Kg2 Re2 36. Rxd5 R7e3 37. Rd7 Rxf2+ 38. Kxf2 Rxh3 39. Rxb7 h5 40. g5 h4 41. Rxa7 Rh2+ 42. Kf3 Rxb2 43. Kg4 Rf2 44. f6 Kh8 45. Kh5 gxf6 46. Kg6 1-0

[Event "Cuxhaven op"]
[Site "Cuxhaven"]
[Date "2001.??.??"]
[Round "7"]
[White "Kaimer, Thomas"]
[Black "Karius, Thomas"]
[Result "1/2-1/2"]
[WhiteElo "2248"]
[BlackElo "2227"]
[PlyCount "44"]
[EventDate "2001.12.??"]
[EventType "swiss"]
[EventRounds "8"]
[EventCountry "GER"]
[SourceTitle "EXT 2006"]
[Source "ChessBase"]
[SourceDate "2005.11.24"]
[SourceVersion "1"]
[SourceVersionDate "2005.11.24"]
[SourceQuality "1"]

1. e4 e5 2. Nf3 Nc6 3. d4 exd4 4. c3 d5 5. exd5 Qxd5 6. cxd4 Bg4 7. Be2 0-0-0 8. Nc3 Bb4 9. 0-0 Qa5 10. Be3 Nf6 11. Rc1 Nd5 12. Nxd5 Qxd5 13. h3 Be6 14. a3 Be7 15. Rc3 h6 16. Qc1 Bd6 17. Rd1 Ne7 18. Bf4 Bxf4 19. Qxf4 Qd6 20. Qd2 Nd5 21. Rc5 Nf4 22. Bf1 Qxc5 1/2-1/2

[Event "Merano Gold Cup 29th"]
[Site "Merano"]
[Date "2001.??.??"]
[Round "5"]
[White "Kuerten, Jens"]
[Black "Kaimer, Thomas"]
[Result "0-1"]
[WhiteElo "1964"]
[BlackElo "2268"]
[PlyCount "76"]
[EventDate "2001.05.??"]
[EventType "swiss"]
[EventRounds "9"]
[EventCountry "ITA"]
[SourceTitle "EXT 2005"]
[Source "ChessBase"]
[SourceDate "2004.11.15"]
[SourceVersion "1"]
[SourceVersionDate "2004.11.15"]
[SourceQuality "1"]

1. e4 c5 2. Nc3 Nc6 3. g3 g6 4. Bg2 Bg7 5. Nge2 e5 6. d3 Nge7 7. Be3 d6 8. Qd2 h5 9. 0-0 Be6 10. f4 Nd4 11. Nd1 Nxe2+ 12. Qxe2 Qd7 13. c3 h4 14. Nf2 hxg3 15. hxg3 Nc6 16. Qd2 0-0-0 17. Rac1 Kb8 18. b4 cxb4 19. cxb4 d5 20. b5 Nd4 21. Bxd4 exd4 22. Qb2 Rc8 23. e5 Rc3 24. Rxc3 dxc3 25. Qxc3 Qxb5 26. d4 Rc8 27. Qd2 Qa4 28. Nd1 Rc2 29. Nc3 Qxa2 30. Nxa2 Rxd2 31. Nb4 Rxd4 32. Rb1 Kc7 33. Bf3 Bf8 34. Nc2 Rd3 35. Ne1 Rd2 36. Rc1+ Kd8 37. Nc2 Bc5+ 38. Kh1 b6 0-1

[Event "Merano Gold Cup 29th"]
[Site "Merano"]
[Date "2001.??.??"]
[Round "7"]
[White "Schiffer, Steve"]
[Black "Kaimer, Thomas"]
[Result "1/2-1/2"]
[WhiteElo "2167"]
[BlackElo "2268"]
[PlyCount "102"]
[EventDate "2001.05.??"]
[EventType "swiss"]
[EventRounds "9"]
[EventCountry "ITA"]
[SourceTitle "EXT 2005"]
[Source "ChessBase"]
[SourceDate "2004.11.15"]
[SourceVersion "1"]
[SourceVersionDate "2004.11.15"]
[SourceQuality "1"]

1. e4 c5 2. Nf3 Nc6 3. d4 cxd4 4. Nxd4 Nf6 5. Nc3 e6 6. Ndb5 Bb4 7. Nd6+ Ke7 8. Nxc8+ Rxc8 9. Bd3 Re8 10. 0-0 Kf8 11. f4 d5 12. e5 Bxc3 13. bxc3 Ne4 14. Qe1 Kg8 15. Bxe4 dxe4 16. Qxe4 Na5 17. Be3 Rxc3 18. Rfd1 Qc8 19. Bxa7 Rxc2 20. Qa4 Qc6 21. Qxc6 Nxc6 22. Be3 h6 23. Kf1 Nb4 24. Rd2 Rec8 25. Ke2 Nd5 26. g3 Kh7 27. Rxc2 Rxc2+ 28. Bd2 b5 29. Kd1 Rc4 30. Rb1 Ra4 31. Rxb5 Rxa2 32. Rb7 Ra1+ 33. Ke2 Kg6 34. g4 Rh1 35. f5+ exf5 36. gxf5+ Kxf5 37. Rxf7+ Kxe5 38. Rxg7 Rxh2+ 39. Ke1 h5 40. Ba5 Ke4 41. Kf1 Ra2 42. Bd8 Kf3 43. Kg1 Ra8 44. Bh4 Ra1+ 45. Kh2 Ra2+ 46. Kh1 Ra4 47. Rg3+ Kf4 48. Rg5 Ra1+ 49. Kh2 Nf6 50. Kg2 Ra2+ 51. Kg1 Ra1+ 1/2-1/2